Reshaping juvenile justice: the NSW Young Offenders Act 1997
| Otros Autores: | |
|---|---|
| Tipo de documento: | Print Libro |
| Lenguaje: | Inglés |
| Publicado: |
Sydney
Sydney Inst. of Criminology
2005
|
| En: |
The Institute of Criminology monograph series (22)
Año: 2005 |
| Disponibilidad en Tübingen: | Disponible en Tübingen. UB: KB 9 E 734 |
| Verificar disponibilidad: | HBZ Gateway |
| Servicio de pedido Subito: | Pedir ahora. |
| Palabras clave: |
MARC
| LEADER | 00000cam a2200000 c 4500 | ||
|---|---|---|---|
| 001 | 1323503390 | ||
| 003 | DE-627 | ||
| 005 | 20251225183350.0 | ||
| 007 | tu | ||
| 008 | 060508s2005 xx ||||| 00| ||eng c | ||
| 020 | |a 0975196731 |9 0-9751967-3-1 | ||
| 020 | |z 097519673 | ||
| 024 | 3 | |a 9780975196731 | |
| 035 | |a (DE-627)1323503390 | ||
| 035 | |a (DE-576)253503396 | ||
| 035 | |a (DE-599)BSZ253503396 | ||
| 035 | |a (OCoLC)69649733 | ||
| 040 | |a DE-627 |b ger |c DE-627 |e rakwb | ||
| 041 | |a eng | ||
| 082 | 0 | |a 345.94408 | |
| 082 | 0 | |a 364.3609944 | |
| 245 | 0 | 0 | |a Reshaping juvenile justice |b the NSW Young Offenders Act 1997 |c ed. Janet B. L. Chan |
| 264 | 1 | |a Sydney |b Sydney Inst. of Criminology |c 2005 | |
| 300 | |a 220 S. |b graph. Darst. | ||
| 336 | |a Text |b txt |2 rdacontent | ||
| 337 | |a ohne Hilfsmittel zu benutzen |b n |2 rdamedia | ||
| 338 | |a Band |b nc |2 rdacarrier | ||
| 490 | 1 | |a Sydney Institute of Criminology series |v no. 22 | |
| 583 | 1 | |a Archivierung prüfen |c 20200919 |f DE-640 |z 2 |2 pdager | |
| 689 | 0 | 0 | |d g |0 (DE-588)4042010-3 |0 (DE-627)106216465 |0 (DE-576)209048158 |a New South Wales |2 gnd |
| 689 | 0 | 1 | |d s |0 (DE-588)4028943-6 |0 (DE-627)106276425 |0 (DE-576)208980164 |a Jugendstrafrecht |2 gnd |
| 689 | 0 | 2 | |d s |0 (DE-588)4115716-3 |0 (DE-627)10581220X |0 (DE-576)209495499 |a Reform |2 gnd |
| 689 | 0 | 3 | |a z |2 gnd |a Geschichte 1992 |
| 689 | 0 | |5 (DE-627) | |
| 689 | 1 | 0 | |d g |0 (DE-588)4042010-3 |0 (DE-627)106216465 |0 (DE-576)209048158 |a New South Wales |2 gnd |
| 689 | 1 | 1 | |d s |0 (DE-588)4162832-9 |0 (DE-627)105459305 |0 (DE-576)209876522 |a Jugendgerichtsbarkeit |2 gnd |
| 689 | 1 | 2 | |d s |0 (DE-588)4115716-3 |0 (DE-627)10581220X |0 (DE-576)209495499 |a Reform |2 gnd |
| 689 | 1 | 3 | |a z |2 gnd |a Geschichte 1992 |
| 689 | 1 | |5 (DE-627) | |
| 700 | 1 | |a Chan, Janet B. L. |d 1948- |e Hrsg. |0 (DE-588)130286656 |0 (DE-627)496697315 |0 (DE-576)176518339 |4 edt | |
| 810 | 2 | |a University of Sydney |b Institute of Criminology |t The Institute of Criminology monograph series |v 22 |9 22 |w (DE-627)1104329409 |w (DE-576)034329404 |7 am | |
| 951 | |a BO | ||
| ELC | |b 1 | ||
| LOK | |0 000 xxxxxcx a22 zn 4500 | ||
| LOK | |0 001 2514413362 | ||
| LOK | |0 003 DE-627 | ||
| LOK | |0 004 1323503390 | ||
| LOK | |0 005 20061024071127 | ||
| LOK | |0 008 060818||||||||||||||||ger||||||| | ||
| LOK | |0 040 |a DE-21 |c DE-627 |d DE-21 | ||
| LOK | |0 852 |a DE-21 | ||
| LOK | |0 852 1 |c KB 9 E 734 |9 00 | ||
| LOK | |0 935 |a krim | ||
| LOK | |0 936ln |a k4.2.4 | ||
| LOK | |0 938 |l 29/09/06 |8 6 | ||
| LOK | |0 939 |a 18-08-06 |b l01 | ||
| ORI | |a SA-MARC-krimdoka001.raw | ||
| SIG | |a UB: KB 9 E 734 | ||
| TIM | |a 100019920101_100019921231 |b Geschichte 1992 | ||
